Toxicology

Wedi'i Gadw mewn:
Manylion Llyfryddiaeth
Prif Awdur: Osweiler, Gary D.
Fformat: Llyfr
Iaith:Undetermined
Cyhoeddwyd: Philadelphia Williams & Wilkins 1996
Pynciau:
Tagiau: Ychwanegu Tag
Dim Tagiau, Byddwch y cyntaf i dagio'r cofnod hwn!
Thư viện lưu trữ: Trung tâm Học liệu Trường Đại học Cần Thơ
LEADER 00566nam a2200193Ia 4500
001 CTU_126069
008 210402s9999 xx 000 0 und d
082 |a 636.08959 
082 |b O.86 
100 |a Osweiler, Gary D. 
245 0 |a Toxicology 
245 0 |c Gary D. Osweiler 
260 |a Philadelphia 
260 |b Williams & Wilkins 
260 |c 1996 
650 |a Veterinary toxicology,Veterinary toxicology 
650 |x Outlines, syllabi, etc.,Examinations, questions, etc. 
904 |i Hiếu 
980 |a Trung tâm Học liệu Trường Đại học Cần Thơ